000 00644nam a2200205Ia 4500
005 20260121110121.0
008 008 260114s9999 xx 000 0 hin d
020 _a9788132364955
037 _aEBOOK
040 _aCRL
_bhin
_cCRL
041 _ahin
_2hin
084 _qCRL
100 _aसंचित चड्ढा / Sanchit Chaddha
_9942247
245 0 _aमौर्यों का इतिहास / Mauryon ka Itihas
260 _bभाषा प्रकाशन / Bhasha Prakashan
_c2021
856 _uhttps://bhashaprakashan.com/product-details/379146
942 _cEBOOK
999 _c1533912
_d1533912